La nueva alianza vivida en los sacramentos (Record no. 78280)
[ view plain ]
| 000 -LEADER | |
|---|---|
| campo de control de longitud fija | 00582nam a2200181 i 4500 |
| 001 - NÚMERO DE CONTROL | |
| campo de control | 78280 |
| 003 - IDENTIFICADOR DE NÚMERO DE CONTROL | |
| campo de control | ES-MaACL |
| 005 - FECHA Y HORA DE LA ÚLTIMA TRANSACCIÓN | |
| campo de control | 20230906173636.0 |
| 007 - CAMPO FIJO DE DESCRIPCIÓN FÍSICA--INFORMACIÓN GENERAL | |
| campo de control de longitud fija | t| |
| 008 - DATOS DE LONGITUD FIJA--INFORMACIÓN GENERAL | |
| campo de control de longitud fija | 041013s1967 sp ||||1| spa d |
| 100 1# - ENTRADA PRINCIPAL--NOMBRE DE PERSONA | |
| Nombre de persona | Häring, Bernhard. |
| 9 (RLIN) | 61847 |
| 245 13 - MENCIÓN DEL TÍTULO | |
| Título | La nueva alianza vivida en los sacramentos |
| Resto del título | : meditaciones / |
| Mención de responsabilidad, etc. | Bernhard Häring ; [versión de P. Pinedo Arzá]. |
| 260 ## - PUBLICACIÓN, DISTRIBUCIÓN, ETC. | |
| Lugar de publicación, distribución, etc. | Barcelona : |
| Nombre del editor, distribuidor, etc. | Herder, |
| Fecha de publicación, distribución, etc. | 1967. |
| 300 ## - DESCRIPCIÓN FÍSICA | |
| Extensión | 328 p. ; |
| Dimensiones | 22 cm. |
| 650 #4 - PUNTO DE ACCESO ADICIONAL DE MATERIA--TÉRMINO DE MATERIA | |
| Término de materia o nombre geográfico como elemento de entrada | Sacramentos- |
| Subdivisión general | Meditaciones. |
| 9 (RLIN) | 165940 |
| 700 1# - ENTRADA AGREGADA--NOMBRE PERSONAL | |
| Nombre de persona | Pinedo Arza, Pedro. |
| 9 (RLIN) | 92111 |
| 852 ## - LOCALIZACIÓN | |
| Ubicación | ES-MaACL |
| Número de control de estantería | C-32725 |
| Sublocalización o colección | R.63562 |
| Estatus retirado | Estado de pérdida | Estado de daño | No para préstamo | Biblioteca de origen | Biblioteca actual | Ubicación en estantería | Fecha de adquisición | Fuente de adquisición | Total de préstamos | Signatura topográfica completa | Código de barras | Visto por última vez | Precio de reemplazo | Tipo de ítem Koha |
|---|---|---|---|---|---|---|---|---|---|---|---|---|---|---|
| Biblioteca del Ateneo de Madrid | Biblioteca del Ateneo de Madrid | Depósito 2 | 17/01/2008 | C-32725 | 1081885 | 23/02/2023 | 23/02/2023 | Libro impreso |
